|
|
|
|
| LEADER |
01683cas a2200253 a 4500 |
| 001 |
AALejournalIMF007235 |
| 008 |
230101c9999 xx r poo 0 0eng d |
| 020 |
|
|
|c 5.00 USD
|
| 020 |
|
|
|z 9781455280551
|
| 022 |
|
|
|a 1934-7685
|
| 040 |
|
|
|a BD-DhAAL
|c BD-DhAAL
|
| 110 |
2 |
|
|a International Monetary Fund.
|
| 245 |
1 |
0 |
|a Seychelles :
|b Extended Arrangement-Financing Assurances Review-Staff Report.
|
| 264 |
|
1 |
|a Washington, D.C. :
|b International Monetary Fund,
|c 2011.
|
| 300 |
|
|
|a 1 online resource (6 pages)
|
| 490 |
1 |
|
|a IMF Staff Country Reports
|
| 500 |
|
|
|a <strong>Off-Campus Access:</strong> No User ID or Password Required
|
| 500 |
|
|
|a <strong>On-Campus Access:</strong> No User ID or Password Required
|
| 506 |
|
|
|a Electronic access restricted to authorized BRAC University faculty, staff and students
|
| 520 |
3 |
|
|a The Executive Board approved a three-year Extended Fund Facility with Seychelles. This report briefly outlines performance under the program, including compliance with the end-December targets, before addressing the issue of financing assurances. Macroeconomic performance through end-2009 continued to be encouraging. Prudent fiscal and monetary policies have been key to the strong macroeconomic stabilization. A review of financing assurance has been outlined. Significant progress has also been achieved with remaining non-Paris Club official bilaterals and external commercial banks.
|
| 538 |
|
|
|a Mode of access: Internet
|
| 651 |
|
7 |
|a Seychelles
|2 imf
|
| 830 |
|
0 |
|a IMF Staff Country Reports; Country Report ;
|v No. 2011/133
|
| 856 |
4 |
0 |
|z Full text available on IMF
|u http://elibrary.imf.org/view/journals/002/2011/133/002.2011.issue-133-en.xml
|z IMF e-Library
|